000 00269nam a22001217a 4500
008 180519b xxu||||| |||| 00| 0 eng d
041 _aeng
080 _a043.3
100 _a0
101 _aMBE-MA
245 _aSmart Kartelat (Smart Cards)
_cZeka, B
942 _2udc
_cBK
999 _c46062
_d46062